| 000 | 01224cam a22003613a 4500 | ||
|---|---|---|---|
| 003 | OSt | ||
| 005 | 20140310184411.0 | ||
| 008 | 040428s2004 nyua j 000 1 eng d | ||
| 010 | _a 2004596604 | ||
| 020 | _a0439557178 (pbk.) | ||
| 035 | _a(OCoLC)ocm55042600 | ||
| 040 |
_aXWS _cXWS _dOCLCQ _dDLC |
||
| 042 | _alccopycat | ||
| 050 |
_aPZ 7 _b.T365s4 2004 |
||
| 100 | 1 |
_aThaler, Mike, _d1936- _926175 |
|
| 245 | 1 | 4 |
_aThe science fair from the Black Lagoon / _cMike Thaler ; illustrated by Jared Lee. |
| 260 |
_aNew York : _bScholastic Inc., _c2004. |
||
| 300 |
_a64 p. : _bill. ; _c20 cm. |
||
| 440 | 0 |
_aLittle apple _94142 |
|
| 490 | 0 |
_aBlack Lagoon adventures ; _v#4 |
|
| 521 | _aG4 | ||
| 526 | _c670 | ||
| 650 | 0 |
_aScience fairs _vFiction. _926176 |
|
| 655 | 7 |
_aFantasy fiction. _2gsafd _93053 |
|
| 655 | 7 |
_aAdventure fiction. _2gsafd _93061 |
|
| 700 | 1 |
_aLee, Jared D. _926094 |
|
| 710 | 2 |
_aCopyright Paperback Collection (Library of Congress) _5DLC _9705 |
|
| 856 | 4 | 2 |
_3Publisher description _uhttp://www.loc.gov/catdir/description/schol051/2004596604.html |
| 906 |
_a7 _bcbc _ccopycat _d2 _encip _f20 _gy-genrareb |
||
| 942 |
_2lcc _cBK-SCHOLAS |
||
| 999 |
_c34109 _d34109 |
||